| Tag |
First Indicator |
Second Indicator |
Subfields |
| LEADER |
00000cam a22000001 4500 |
| 001 |
in00000097406 |
| 005 |
20150925114846.0 |
| 008 |
710426s1967 enkf b 00010 eng |
| 010 |
|
|
|a 68075068
|
| 015 |
|
|
|a B67-13891
|
| 035 |
|
|
|a (OCoLC)00457483
|
| 035 |
|
|
|9 AAL2864AM
|
| 037 |
|
|
|c 7/-
|
| 040 |
|
|
|a DLC
|c DLC
|d TXA
|d UtOrBLW
|
| 049 |
|
|
|a TXAM
|c [1201379]
|
| 050 |
0 |
0 |
|a TL507
|b .G77 no. 889
|
| 082 |
0 |
|
|a 629.134/36
|
| 100 |
1 |
|
|a Jones, A. F.
|
| 245 |
1 |
0 |
|a Some exploratory tests on a two-dimensional blowncylinder model in R.A.E. 2 ft. x 1 1/2 ft. transonic-wind tunnel /
|c by A. F. Jones [and] W. R. Buckingham.
|
| 264 |
|
1 |
|a London :
|b H.M.S.O.,
|c 1967.
|
| 300 |
|
|
|a 17 pages :
|b 18 plates. ;
|c 30 cm.
|
| 336 |
|
|
|a text
|b txt
|2 rdacontent
|
| 337 |
|
|
|a unmediated
|b n
|2 rdamedia
|
| 338 |
|
|
|a volume
|b nc
|2 rdacarrier
|
| 490 |
1 |
|
|a Aeronautical Research Council. Current papers, no. 889
|
| 504 |
|
|
|a Bibliography: pages 16-17.
|
| 650 |
|
0 |
|a Rotors (Helicopters)
|
| 650 |
|
0 |
|a Cylinders
|x Testing.
|
| 650 |
|
0 |
|a Transonic wind tunnels.
|
| 700 |
1 |
|
|a Buckingham, W. R.
|
| 830 |
|
0 |
|a Current papers (Aeronautical Research Council (Great Britain)) ;
|v no. 889.
|
| 999 |
|
|
|a MARS
|
| 999 |
f |
f |
|s b570504c-c2f0-3d84-816c-0e4bf33c089e
|i 8bfccc53-0976-3eea-8ac3-b4405171ad37
|t 0
|
| 952 |
f |
f |
|p ric
|a Texas A&M University
|b Rellis Campus
|c Joint Library Facility
|d Remote Storage
|t 0
|e TL507 .G77 no. 889
|h Library of Congress classification
|i unmediated -- volume
|m A14805532122
|
| 998 |
f |
f |
|a TL507 .G77 no. 889
|t 0
|l Remote Storage
|